000 00620nam a2200265Ia 4500
005 20250425161910.0
008 250425s9999 xx 000 0 und d
041 _aspa
043 _aec
082 _a658.5
100 _aSANDOVAL, ORLANDO
245 0 _aPLANIFICACION PARTICIPATIVA
250 _aS.E.
260 _aEcuador
_bCORPORACION EDI-ABACO
_c1950
260 _aQUITO
300 _a385
500 _aSEXTA PARTE
650 _aCALIDAD
650 _aCREATIVIDAD
650 _aPLANIFICACION
650 _aPROGRAMAS
710 _aCORPORACION EDI-ABACO CIA. LTDA.
942 _c01
010 _a34216
999 _c218420
_d218420